Statistics for Chief Ministers of Andhra Pradesh by Picture

Click here to take the quiz!

General Stats

  • This quiz has been taken 3 times
  • The average score is 7 of 17

Answer Stats

Answer% Correct
Nandamuri Taraka Rama Rao
100%
Nara Chandrababu Naidu
100%
P.V. Narasimha Rao
100%
Y.S. Jagan Mohan Reddy
100%
Konijeti Rosaiah
67%
Y.S. Rajasekhara Reddy
67%
Damodaram Sanjivayya
33%
Kasu Brahmananda Reddy
33%
Nadendla Bhaskara Rao
33%
Nedurumilli Janardhana Reddy
33%
Neelam Sanjiva Reddy
33%
N. Kiran Kumar Reddy
33%
Bhavanam Venkatarami Reddy
0%
Jalagam Vengala Rao
0%
Kotla Vijaya Bhaskara Reddy
0%
Marri Chenna Reddy
0%
Tanguturi Anjaiah
0%

Score Distribution

Percentile by Number Answered

Percent of People with Each Score

Your Score History

You have not taken this quiz